| 000 | 00643nam a22001577a 4500 | ||
|---|---|---|---|
| 003 | OSt | ||
| 005 | 20151208154041.0 | ||
| 008 | 151208b xxu||||| |||| 00| 0 eng d | ||
| 040 | _cRUA | ||
| 082 | _aATM ROS 2008 B195 Or.1 | ||
| 100 |
_94545 _aROS, THYRA |
||
| 245 | _aThe use and management of plastic waste in khan chamkarmon, phnom penh city, ការគ្រប់គ្រង និងប្រើប្រាស់សំណល់ប្លាស្ទិចក្នុងខណ្ឌចំការមន ក្រុងភ្នំពេញ | ||
| 260 |
_aPhnom Penh _bRUA _c2008 |
||
| 300 |
_aviii, 40p. _bill. _c29cm. |
||
| 942 |
_2ddc _cATM |
||
| 999 |
_c4235 _d4235 |
||